书目信息 |
| 题名: |
农村木工基本知识
|
|
| 作者: | 李彦海 著 | |
| 分册: | ||
| 出版信息: | 济南 山东科学技术出版社 1979 |
|
| 页数: | 209 | |
| 开本: | 20cm | |
| 丛书名: | ||
| 单 册: | ||
| 中图分类: | TS646 | |
| 科图分类: | ||
| 主题词: | ||
| 电子资源: | ||
| ISBN: | ||
| 000 | 00507nam0 2200193 45 | |
| 001 | 0181011374 | |
| 005 | 20060419172255.73 | |
| 010 | @dCNY0.48 | |
| 091 | @a15195.4 | |
| 100 | @a20810111d1979 km y0chiy0120 ea | |
| 101 | 0 | @achi |
| 105 | @a a z 000yy | |
| 200 | 1 | @Anong cun mu gong ji ben zhi shi@a农村木工基本知识@Fli yan hai@f李彦海著 |
| 210 | @a济南@c山东科学技术出版社@d1979 | |
| 215 | @a209@c插图@d20cm | |
| 690 | @aTS646 | |
| 701 | 0 | @a李彦海@4著 |
| 801 | @aCN@bTSTC@c20060419 | |
| 905 | @dTS646@e16 | |
| 农村木工基本知识/李彦海著.-济南:山东科学技术出版社,1979 |
| 209:插图;20cm |
| ISBN :CNY0.48 |
| ● |
| 相关链接 |
|
|
|
|
正题名:农村木工基本知识
索取号:TS646/16
 
预约/预借
| 序号 | 登录号 | 条形码 | 馆藏地/架位号 | 状态 | 备注 |
| 1 | 0073682 | 202249995 | 密集书库/ [索取号:TS646/16] | 在馆 | |
| 2 | 0073683 | 202250269 | 密集书库/ [索取号:TS646/16] | 在馆 |